| 000 | 00000nam 2200000zi 4500 |
| 001 | 9.934033 |
| 003 | CaOODSP |
| 005 | 20241121115946 |
| 006 | m o d f |
| 007 | cr |n||||||||| |
| 008 | 240216t19771977onco or f000 0|eng d |
| 040 | |aCaOODSP|beng|erda|cCaOODSP |
| 043 | |an-cn--- |
| 086 | 1 |aC23-301/1977E-PDF |
| 245 | 03|aAn export directory of Canadian electrical manufacturers. |
| 246 | 34|aElectrical Canada |
| 264 | 1|aOttawa, Canada : |bDepartment of Industry, Trade and Commerce, |c[1977] |
| 264 | 4|c©1977 |
| 300 | |a1 online resource (45 pages) : |bphotographs |
| 336 | |atext|btxt|2rdacontent |
| 337 | |acomputer|bc|2rdamedia |
| 338 | |aonline resource|bcr|2rdacarrier |
| 500 | |aDigitized edition from print [produced by Innovation, Science and Economic Development Canada]. |
| 500 | |aIssued also in French under title: Guide de l'acheteur étranger fabricants d'équipement électrique au Canada. |
| 650 | 0|aElectric industries|zCanada|vDirectories. |
| 650 | 0|aExport marketing|zCanada|vDirectories. |
| 650 | 0|aElectric machinery industry|zCanada|vDirectories. |
| 655 | 7|aDirectories|2lcgft |
| 710 | 1 |aCanada. |bDepartment of Industry, Trade and Commerce, |eissuing body. |
| 775 | 08|tGuide de l'acheteur étranger fabricants d'équipement électrique au Canada.|w(CaOODSP)9.945419 |
| 856 | 40|qPDF|s3.70 MB|uhttps://publications.gc.ca/collections/collection_2024/isde-ised/c23/C23-301-1977-eng.pdf |